000 00525nam a2200181Ia 4500
005 20250508163548.0
008 008 250505s9999 xx 000 0 eng d
037 _aTextual
040 _aFEDL
_beng
_cFEDL
041 _aeng
_2eng
084 _a954, SIN
_qFEDL
100 _aSinghal Jwala Prasad
_9775647
245 0 _aSphinx speaks or the story of the prehistoric nations
260 _aNew Delhi, India
_bSadgyan Sadan
_c1963
300 _axii,160p.
942 _cTEXL
_h954, SIN
999 _c1384092
_d1384092